Представление документа в формате RUSMARC

ПолеНазваниеЗначение
  Тип записи a
  Библиографический уровень m
001 Контрольный номер RU/УГОНБ/EK/85145
005 Дата корректировки 20250520122057.8
010 Индекс ISBN __
a ISBN 5-264-00722-5
d Цена 35 р.
9 Тираж 1500 экз.
b Уточнения в пер.
100 Данные общей обработки __
a Данные общей обработки 20030211d2001 u u0rusy0189 ca
101 Язык документа 0_
a Язык текста rus
102 Страна публикации __
a Страна публикации RU
105 Кодированные данные (монография) __
a Кодированные данные (монография) y z 000ay
200 Заглавие и сведения об ответственности 1_
a Заглавие Василий Каменский
f Первые сведения об ответственности В.В. Каменский
g Последующие сведения об ответственности предисл. А. Цветкова
210 Выходные данные 1_
a Место издания Москва
c Издательство Вагриус
d Дата издания 2001
215 Физическое описание __
a Объем 221 с.
d Формат 17 см
225 Серия 1_
a Серия Проза поэта
327 Примечание о содержании 01
a Примечание о содержании Содерж.: Степан Разин ; Землянка ; Из книги "Путь энтузиаста"
606 Тематические рубрики 0_
a Основная рубрика Проза (х. л.)
610 Ключевые слова 0_
a Ключевые слова проза русская
686 Индексы других классификаций __
a Классификационный индекс 84Р-4
2 Код системы rubbk
700 Автор _1
a Фамилия Каменский
b Имя (инициалы) В.В.
g Полное личное имя Василий Васильевич
702 Вторичная интеллектуальная ответственность _1
a Фамилия Цветкова
b Имя (инициалы) А.
4 Код отношения 080
801 Источник записи _0
a Страна RU
b Организация Ульяновская ОНБ
c Дата составления 20030211
g Правила каталогизации PSBO
801 Источник записи _1
a Страна RU
b Организация Ульяновская ОНБ
c Дата составления 20030211
901 Тип документа __
t Тип документа m
938 Служебная информация __
a Имя БД books
b Имя библиотеки УОНБ
c Имя АИБС МАРК-SQL
d Номер DOC_ID в БД 224053